Návrhy pre daňovú politiku Slovenskej republiky

Podobne ako aj v ostatných štátoch Európy aj SR a jej nižšie vládne úrovne – samosprávy vyberajú na svojom území miestne dane a zabezpečujú si tak naplnenie príjmovej časti svojho lokálneho rozpočtu. Návrhy opatrení na zvýšenie príjmovej základne samospráv. Potenciálne daňové príjmy rozpočtov nižší...

Full description

Saved in:
Bibliographic Details
Main Author: Brindzová, Zuzana
Format: Book Chapter
Language:Slovak
Subjects:
Tags: Add Tag
No Tags, Be the first to tag this record!

MARC

LEADER 00000nla a2200000 4500
001 0231306
005 20240502073803.0
041 0 |a slo 
044 |a SK 
245 1 0 |a Návrhy pre daňovú politiku Slovenskej republiky  |c Zuzana Brindzová 
520 |a Podobne ako aj v ostatných štátoch Európy aj SR a jej nižšie vládne úrovne – samosprávy vyberajú na svojom území miestne dane a zabezpečujú si tak naplnenie príjmovej časti svojho lokálneho rozpočtu. Návrhy opatrení na zvýšenie príjmovej základne samospráv. Potenciálne daňové príjmy rozpočtov nižších vládnych úrovní. Daň z plavidiel, daň z reklamy. 
610 2 0 |a samospráva 
610 2 0 |a samospráva miestna 
610 2 0 |a príjmy 
610 2 0 |a dane miestne 
100 1 |a Brindzová, Zuzana